| 000 | 01393nam a2200313Ia 4500 | ||
|---|---|---|---|
| 003 | OSt | ||
| 005 | 20200723155103.0 | ||
| 008 | 191128s2007 ar ad gr 000 0 spa d | ||
| 020 | _a9789505577101 | ||
| 040 |
_aCO-JMCR _cCO-JMCR |
||
| 041 | 0 | _aspa | |
| 082 | 0 | 4 |
_a331.12 / _bN221t _223 |
| 100 | 1 |
_aNeffa, Julio César, _edirector _97712 |
|
| 245 | 1 | 0 |
_aTeorías económicas sobre el mercado de trabajo : _bneoclásicos y nuevos keynesianos / _cJulio César Neffa director ; Julieta Albano, Ramiro López Ghio, Pablo E. Pérez [y otros] |
| 250 | _aPrimera edición | ||
| 260 |
_aArgentina : _bFondo de Cultura Económica, _c2007. |
||
| 300 |
_a309 páginas : _bgráficos a blanco y negro ; _c23 cm. |
||
| 490 | 0 | _aEconomía | |
| 504 | _aIncluye bibliografía al final de cada capítulo. | ||
| 505 | 0 | _aLa teoría neoclásica otodoxa y su interpretación del mercado laboral -- Teoría de la búsqueda de empleo -- La teoría del ciclo real de los negocios y su interpretación sobre el mercado laboral -- La inversión en capital humano: sus efectos | |
| 650 | 1 | 4 |
_aMercado de trabajo _97713 |
| 650 | 2 | 4 |
_aTeoría económica _97714 |
| 650 | 2 | 4 |
_aEconomía keynesiana _94935 |
| 650 | 2 | 4 |
_aEconomía _xMarxismo _97715 |
| 700 | 1 |
_aAlbano, Julieta, _eautora _97716 |
|
| 700 | 1 |
_aLópez Ghio, Ramiro, _eautor _97717 |
|
| 700 | 1 |
_aPérez, Pablo, E., _eautor _97718 |
|
| 942 |
_2ddc _cBK |
||
| 999 |
_c5468 _d5468 |
||